Cities in North America With Hottest Temperature Ever Recorded - Statistics

General Stats
  • This quiz has been taken 76 times
  • The average score is 9 of 14
Answer Stats
# Temp (°C) Temp (°F) Answer % Correct
1 50 122 Phoenix
97%
11 44 112 Dallas
90%
5 47 117 Las Vegas
88%
9 45 113 Los Angeles
78%
13 44 111 San Antonio
75%
11 44 112 Austin
72%
13 44 111 San Diego
70%
4 48 118 Monterrey
60%
2 49 120 Tijuana
57%
6 47 116 Sacramento
55%
2 49 120 Ciudad Juárez
42%
9 45 113 Kansas City
38%
8 46 115 St. Louis
37%
6 47 116 Portland
33%
No matching quizzes found
Score Distribution
Percent of People with Each Score
Percentile by Number Answered
Your Score History
You have not taken this quiz